| 000 | 00851nam a22002057a 4500 | ||
|---|---|---|---|
| 999 |
_c19579 _d19579 |
||
| 003 | AR-CdUCM | ||
| 008 | 190518b ||||| |||| 00| 0 spa d | ||
| 040 |
_aMUNICIPALIDAD PROVINCIAL DEL CUSCO _cBIBLIOTECA MUNICIPAL DEL CUSCO |
||
| 082 |
_a303.69 / _bJ95 |
||
| 100 |
_aJurgen Brandt, Hans _941000 |
||
| 245 |
_aJusticia popular : _bNativos campesinos / |
||
| 260 |
_aLima : _bDistribuidora de libros, _c1987. |
||
| 300 |
_a199 páginas ; _c23 cm. |
||
| 505 | _aContenido : Ordenamiento, conflicto y sanción en comunidades nativas de la Amazonía Peruana -- Legalidad, derecho consuetudinario y administración de justicia en comunidades campesinas y zonas rurales andinas... | ||
| 650 |
_aRondas campesinas _938093 |
||
| 650 |
_aCastigos corporales _941001 |
||
| 650 |
_aExpulsión de la comunidad _941002 |
||
| 942 |
_2ddc _cLIBROS |
||
| 945 | _arcc | ||